000 00160nam a22000857a 4500
082 _a823
100 _aUNKNOWN
245 _aTHE ELVES AND THE SHOEMAKER
942 _cBK
999 _c8186
_d8186